000
00309nam a2200109Ia 4500
008
200302s9999 xx 000 0 und d
100
_a
Katrin Cargill
245
_a
Traditional aneedle Arts Cross stitch More than 30 Classic Projects
260
_b
Mitchell Beazley Published
260
_c
1994
300
_a
128 P.,
999
_c
1473
_d
1473